Cyclisme : Top 20 du Gree-Tour de Guangxi 2025 - Statistiques

Statistiques générales
  • Ce quiz a été pris 21 fois
  • Le résultat moyen est 5 sur 20
Statistiques - réponses
Position Equipe Coureur % Correct
1er Jayco AlUla Paul Double
95%
2eme Decathlon AG2R La Mondiale Victor Lafay
81%
3eme UAE Team Emirates Jhonatan Narvaez
52%
6eme Visma Lease a Bike Cian Uijtdebroeks
33%
18eme UAE Team Emirates Jan Christen
29%
8eme Bahrain Victorious Pello Bilbao
29%
4eme EF Education Easypost Mikkel Honoré
24%
5eme Visma Lease a Bike Jorgen Nordhagen
19%
13eme Groupama FDJ Remy Rochas
14%
12eme Soudal Quick Step Antoine Huby
10%
15eme Lotto Lars Craps
10%
10eme EF Education Easypost Lukas Nerurkar
10%
19eme Cofidis Sylvain Moniquet
10%
11eme Lild Trek Tao Geoghegan Hart
10%
17eme Jayco AlUla Alan Hatherly
5%
9eme RedBull Bora Hansgrohe Ben Zwiehoff
5%
20eme Lotto Eduardo Sepulveda
5%
16eme Picnic PostNL Franck Van den Broek
5%
14eme Movistar Gregor Muhlberger
5%
7eme Intermarché Wanty Kamiel Bonneu
5%
Aucun quiz correspondant
Distribution des résultats
% des personnes avec chaque résultat
Percentile par nombre de réponses
Votre historique - résultats
Vous n’avez pas pris ce quiz